000 00492nam a2200181Ia 4500
005 20250508152323.0
008 008 250505s9999 xx 000 0 hin d
037 _aTextual
040 _aFEDL
_beng
_cFEDL
041 _ahin
_2eng
084 _a891.432, PRA
_qFEDL
100 _aVishnu Prabhakar
245 0 _aDoctor: Manovigyanik natak
260 _aDelhi, India
_bRaj Pal and Sons
_c1958
300 _a131p.
942 _cTEXL
_h891.432, PRA
999 _c1335704
_d1335704